Guide To Computer Forensics And Investigations (Record no. 337324)
[ view plain ]
| 000 -LEADER | |
|---|---|
| fixed length control field | 00531nam a2200181Ia 4500 |
| 008 - FIXED-LENGTH DATA ELEMENTS--GENERAL INFORMATION | |
| fixed length control field | 230718s9999 xx 000 0 und d |
| 020 ## - INTERNATIONAL STANDARD BOOK NUMBER | |
| International Standard Book Number | 9788131519462 |
| 041 ## - LANGUAGE CODE | |
| Language code of text/sound track or separate title | eng |
| 082 ## - DEWEY DECIMAL CLASSIFICATION NUMBER | |
| Classification number | 005.8 |
| Item number | NEL |
| 100 ## - MAIN ENTRY--PERSONAL NAME | |
| Personal name | Nelson B. |
| 9 (RLIN) | 111262 |
| 245 ## - TITLE STATEMENT | |
| Title | Guide To Computer Forensics And Investigations |
| 250 ## - EDITION STATEMENT | |
| Edition statement | 4th ed. |
| 260 ## - PUBLICATION, DISTRIBUTION, ETC. (IMPRINT) | |
| Date of publication, distribution, etc. | 2014 |
| Name of publisher, distributor, etc. | Cengage Learning |
| 300 ## - PHYSICAL DESCRIPTION | |
| Extent | 682 |
| Accompanying material [OBSOLETE, CAN/MARC] | Ref 1543 C (48524) |
| 365 ## - TRADE PRICE | |
| Currency code | Rs. |
| Price amount | 550.00 |
| 700 ## - ADDED ENTRY--PERSONAL NAME | |
| Personal name | Nelson B.; Phillips A. & Steuart C. |
| 906 ## - LOCAL DATA ELEMENT F, LDF (RLIN) | |
| d | O:0403524-Jul-2014B:5009-Jul-2014 |
| c | COMP |
| b | 3437.5 |
| Withdrawn status | Lost status | Damaged status | Not for loan | Home library | Current library | Date acquired | Vendor | Budget Code | Cost, normal purchase price | Bill number | Total Checkouts | Full call number | Barcode | Date last seen | Date last checked out | Discount | Cost, replacement price | Bill Date | Koha item type | Original Barcode |
|---|---|---|---|---|---|---|---|---|---|---|---|---|---|---|---|---|---|---|---|---|
| Cummins College of Engineering for Women Pune | Cummins College of Engineering for Women Pune | 24/07/2014 | ARM Book Bazar | COMP | 412.50 | 50 | 1 | 005.8 | CCEP-BK-48531 | 25/05/2024 | 21/05/2024 | 3437.5 | 550.00 | 09/07/2014 | Books | 048531 |